Mana del Alma, o Exercicio fácil, y Provechoso para quien desea darle de algún modo à la oración (Record no. 8393)

MARC details
000 -CABECERA
campo de control de longitud fija 02248nam a2200301 a 4500
001 - NÚMERO DE CONTROL
campo de control BRCA_8741
005 - FECHA Y HORA DE LA ÚLTIMA TRANSACCIÓN
campo de control 20190320210404.0
008 - DATOS DE LONGITUD FIJA--INFORMACIÓN GENERAL
campo de control de longitud fija 240217s1702----sp-#######---#000-0#spa-#
041 ## - CÓDIGO DE LENGUA
Código de lengua del texto/banda sonora o título independiente spa
044 ## - CÓDIGO DEL PAÍS DE LA ENTIDAD EDITORA/PRODUCTORA
Código MARC del país sp
084 ## - OTRO NÚMERO DE CLASIFICACIÓN
Número de clasificación BE98
Número de documento/Ítem .M36 1702
245 10 - MENCIÓN DE TÍTULO
Título Mana del Alma, o Exercicio fácil, y Provechoso para quien desea darle de algún modo à la oración
Mención de responsabilidad, etc. propuesto por el M.R.P. Pablo Señeri, de la Compañía de Jesvs, Theologo de la Santidad de Inocencio XII, para todos los días el año; y traducido del italiano al español por Doct. Francisco de Rofrán.
260 ## - PUBLICACIÓN, DISTRIBUCIÓN, ETC.
Lugar de publicación, distribución, etc. Madrid
Nombre del editor, distribuidor, etc. Por los Herederos de Antonio Romàn
Fecha de publicación, distribución, etc. 1702
300 ## - DESCRIPCIÓN FÍSICA
Extensión [1], 414 p. (t.3)
Dimensiones 21 x 15 cm.
500 ## - NOTA GENERAL
Nota general Con marca de fuego: “Procedencia de la marca: Convento de San Francisco de Querétaro(1). Institución: Orden de Frailes Menores. Provincia de San Pedro y San Pablo de Michoacán. Descripción: Tres iniciales separadas: ´C´, ´S´ y ´Q´ en cuya silueta se agregó el resto del texto: C[onvento] S[an Francisco] Q[uerétaro]. Luego el escudo franciscano de las 5 llagas inscrito en un círculo formado del cordón franciscano. Observaciones: Rafael Sala, Carlos Krausse y David Saavedra Vega la catalogan como perteneciente al Convento de San Francisco de Querétaro. Ubicación de la marca en el libro: Canto superior, inferior y fronta”
500 ## - NOTA GENERAL
Nota general Dedica el tradvctor toda la obra al B.Stanislao Kosfka, de la Compañía de Jesús. Añadese al fin de ella el infierno abierto, discurso postumo del mismo Autor
500 ## - NOTA GENERAL
Nota general Con licencia
500 ## - NOTA GENERAL
Nota general Acosta de Francisco Lasso, Mercader de Libros. Vendese en su casa en la Puerta del Sol, enfrente de San Felipe
500 ## - NOTA GENERAL
Nota general Estado físico: presenta encuadernación en pergamino desprendida y algunas hojas rotas, manchadas y quemadas
505 0# - NOTA DE CONTENIDO CON FORMATO
Nota de contenido con formato Contiene: agosto, septiembre, octubre
650 14 - PUNTO DE ACCESO ADICIONAL DE MATERIA--TÉRMINO DE MATERIA
Término de materia o nombre geográfico como elemento de entrada Ejercicios espirituales
Subdivisión cronológica Obras anteriores a 1800
9 (RLIN) 21768
700 1# - PUNTO DE ACCESO ADICIONAL--NOMBRE DE PERSONA
Nombre de persona Señeri, Pablo
Fechas asociadas al nombre 1624 - 1694
Término indicativo de función/relación autor
9 (RLIN) 21265
700 1# - PUNTO DE ACCESO ADICIONAL--NOMBRE DE PERSONA
Nombre de persona Kosfka, Stanislao
9 (RLIN) 21769
700 1# - PUNTO DE ACCESO ADICIONAL--NOMBRE DE PERSONA
Nombre de persona Rofrán, Francisco de
Término indicativo de función/relación tr.
9 (RLIN) 21770
856 ## - LOCALIZACIÓN Y ACCESO ELECTRÓNICOS
Nombre del host http://www.marcasdefuego.buap.mx:8180/xmLibris/projects/firebrand/item.jsp?repository=marcas_de_fuego&key=d6defe3d.xml&num=14
902 ## - CATALOGADOR
Iniciales CFM
942 ## - ELEMENTOS DE PUNTO DE ACCESO ADICIONAL (KOHA)
Fuente del sistema de clasificación o colocación Library of Congress Classification
Tipo de ítem Koha Libros
Holdings
Estado de retiro Estado de pérdida Estado dañado No para préstamo Localización permanente Ubicación/localización actual Fecha de adquisición Total de préstamos Signatura topográfica completa Código de barras Fecha visto por última vez Precio válido a partir de Tipo de ítem Koha
El ejemplar forma parte de la colección y puede ser consultado según las políticas vigentes.       Biblioteca del Museo Franz Mayer (Rogerio Casas-Alatriste) Biblioteca del Museo Franz Mayer (Rogerio Casas-Alatriste) 24/02/2017   BE98 .M36 1702 CFM00076 22/03/2019 22/03/2019 Libros